000 00428pab a2200157 454500
008 180718b2004 xxu||||| |||| 00| 0 eng d
100 _aSharma, Prem Chand
245 _aInformation technology on the gateway to impart knowledge
260 _c2004
300 _ap.104-109.
362 _aJan-Apr
650 _aInformation technology
700 _aArora, Inder Prakash
773 _aHerald of Library Science
909 _a64253
999 _c64253
_d64253